Workflow Management - řízení podnikových procesů

Spracovanie dokumentov pomocou softwarových systémov. Efektívne riadenie informácií. Systém pre správu dokumentov. Systémy na podporu riadenia procesov - WorkFlow 4.0r zahrňuje prácu s dokumentami, ukladanie, vyhľadávanie a zaznamenanie histórie dokumentu.

Na minha lista:
Detalhes bibliográficos
Autor principal: Řeháček, L.
Formato: Capítulo de Livro
Idioma:tcheco
Assuntos:
Tags: Adicionar Tag
Sem tags, seja o primeiro a adicionar uma tag!

MARC

LEADER 00000naa a2200000 4500
001 r020924
005 20230922085859.9
041 0 |a cze 
044 |a CZ 
245 1 0 |a Workflow Management - řízení podnikových procesů  |c L. Řeháček 
520 |a Spracovanie dokumentov pomocou softwarových systémov. Efektívne riadenie informácií. Systém pre správu dokumentov. Systémy na podporu riadenia procesov - WorkFlow 4.0r zahrňuje prácu s dokumentami, ukladanie, vyhľadávanie a zaznamenanie histórie dokumentu. 
610 2 0 |a manažment 
610 2 0 |a podnik 
610 2 0 |a softvér 
610 2 0 |a systémy informačné 
610 2 0 |a systémy riadenia 
610 2 0 |a dokumenty 
100 1 |a Řeháček, L.